00588nam a2200169Ia 4500008004000000020001800040082001600058100002100074245002900095260002500124300001400149650002600163690002200189906001100211999001900222952017700241210210b1994 xxu||||| |||| 00| 0 eng d a0 09 996750 2 a325.32 SAIC aSAID (Edward W). aCulture and imperialism. aUK.bVintage.,c1994 axxxii,443 aCulture Imperialism  aPolitical Process a056792 c104183d104183 001040708Political ScienceaALbALcPolitical Scienced2021-02-17eAthree Book Centre, Mangalore-01.g344.00l0o325.32 SAICp056792r2021-02-17 00:00:00w2021-02-17yBK